Statistics for US States by Containing Letters

Click here to take the quiz!

General Stats

  • This quiz has been taken 40 times
  • The average score is 16 of 20

Answer Stats

LettersAnswer% Correct
A B L MAlabama
100%
A I N O R ZArizona
100%
A K N R SArkansas
100%
C E I N O T UConnecticut
100%
A D F I L O RFlorida
100%
A E G I O RGeorgia
100%
I L N O SIllinois
100%
A I O WIowa
100%
C E K N T U YKentucky
100%
A E I M NMaine
100%
A D L M N R YMaryland
100%
A C E H M S T UMassachusetts
100%
A C G H I M NMichigan
100%
I M P SMississippi
100%
A D E N VNevada
100%
E J N R S W YNew Jersey
100%
H I OOhio
100%
A H K L M OOklahoma
100%
E N S TTennessee
100%
A H T UUtah
100%
E M N O R T VVermont
100%
A G H I N O S T WWashington
100%
A E G I N R S T V WWest Virginia
100%
G I M N O W YWyoming
100%
A H I WHawaii
50%
A B E K N R SNebraska
50%
C E I M N O W XNew Mexico
50%
E K N O R W YNew York
50%
E G N O ROregon
50%
A D H K N O R TNorth Dakota
33%
A K L SAlaska
0%
A C F I L N O RCalifornia
0%
A C D L O RColorado
0%
A D E L R WDelaware
0%
A D H I OIdaho
0%
A D I NIndiana
0%
A K N SKansas
0%
A I L N O S ULouisiana
0%
A E I M N O S TMinnesota
0%
I M O R S UMissouri
0%
A M N O TMontana
0%
A E H I M N P R S WNew Hampshire
0%
A C H I L N O R TNorth Carolina
0%
A E I L N P S V YPennsylvania
0%
A D E H I L N O R SRhode Island
0%
A C H I L N O R S T USouth Carolina
0%
A D H K O S T USouth Dakota
0%
A E S T XTexas
0%
A G I N R VVirginia
0%
C I N O S WWisconsin
0%

Score Distribution

Percentile by Number Answered

Percent of People with Each Score

Your Score History

You have not taken this quiz